| 000 -CABECERA |
| Longitud fija campo de control |
00647nam a2200217 a 4500 |
| 001 - NÚMERO DE CONTROL |
| Número de control |
2140 |
| 003 - IDENTIFICADOR DEL NÚMERO DE CONTROL |
| Identificador del número de control |
CDMR |
| 005 - FECHA Y HORA DE LA ÚLTIMA TRANSACCIÓN |
| Fecha y hora de la última transacción |
20131107180629.0 |
| 008 - CÓDIGOS DE INFORMACIÓN DE LONGITUD FIJA |
| Códigos de información de longitud fija |
130130s1977||||||||||||||||||||||||||||d |
| 020 ## - NÚMERO INTERNACIONAL NORMALIZADO PARA LIBROS |
| Número Internacional Normalizado para Libros (ISBN) |
8440032072 |
| 040 ## - FUENTE DE LA CATALOGACIÓN |
| Centro catalogador de origen |
CDMR |
| Lengua de catalogación |
cat |
| Centro transcriptor |
CDMR |
| 100 1# - PUNTO DE ACCESO PRINCIPAL-NOMBRE DE PERSONA |
| Nombre de persona |
Roig Castellanos, Mercedes |
| 9 (RLIN) |
1595 |
| 245 13 - MENCIÓN DE TÍTULO |
| Título |
La mujer y la prensa |
| Resto del título |
: desde el siglo XVII a nuestros dias |
| Mención de responsabilidad, etc. |
Mercedes Roig Castellanos |
| 260 ## - PUBLICACIÓN, DISTRIBUCIÓN, ETC. (PIE DE IMPRENTA) |
| Lugar de publicación, distribución, etc. |
Madrid |
| Fecha de publicación, distribución, etc. |
1977 |
| Nombre del editor, distribuidor, etc. |
L'autora |
| 300 ## - DESCRIPCIÓN FÍSICA |
| Extensión |
204 p. |
| 650 04 - PUNTO DE ACCESO ADICIONAL DE MATERIA - TÉRMINO DE MATERIA |
| 9 (RLIN) |
4233 |
| Término de materia o nombre geográfico como elemento inicial |
Dones en el periodisme |
| 650 04 - PUNTO DE ACCESO ADICIONAL DE MATERIA - TÉRMINO DE MATERIA |
| 9 (RLIN) |
4297 |
| Término de materia o nombre geográfico como elemento inicial |
Dones periodistes |
| Subdivisión de materia general |
Directoris |
| 650 04 - PUNTO DE ACCESO ADICIONAL DE MATERIA - TÉRMINO DE MATERIA |
| 9 (RLIN) |
1130 |
| Término de materia o nombre geográfico como elemento inicial |
Premsa |
| Subdivisión de materia general |
Història |
| 650 04 - PUNTO DE ACCESO ADICIONAL DE MATERIA - TÉRMINO DE MATERIA |
| 9 (RLIN) |
4083 |
| Término de materia o nombre geográfico como elemento inicial |
Premsa |
| Subdivisión de forma |
Bibliografia |
| 942 ## - ENTRADA DE ELEMENTOS AGREGADOS (KOHA) |
| Koha [por defecto] tipo de item |
Monografies |
| Fuente de clasificaión o esquema |
|